01352cam a22002774a 4500020001500000020001800015040000800033082002600041110001600067245003800083260004700121300003100168490003300199520049100232650001700723650004200740650004600782650002400828650003800852650003800890650002500928650002300953650002100976710001600997856006101013 a0821369598 a9780821369609 cDLC a303 WOR 2007 A066 Or.2 aWorld Bank.10aWorld Development Indicators 2007 aWashington, D.C. :bThe World Bank,c2007. a1 online resource (426 p.)1 aWorld Development Indicators3 aWorld Development Indicators is the World Bank's premier annual compilation of data about development. This indispensable statistical reference allows you to consult over 900 indicators for some 150 economies and 14 country groups in more than 80 tables. It provides a current overview of the most recent data available as well as important regional data and income group analysis in six thematic sections: World View, People, Environment, Economy, States and Markets, and Global Links. 4aEnvironment. 4aEnvironmental Economics and Policies. 4aFinance and Financial Sector Development. 4aFinancial Literacy. 4aHealth Monitoring and Evaluation. 4aHealth, Nutrition and Population. 4aPopulation Policies. 4aPoverty Reduction. 4aPro-Poor Growth.2 aWorld Bank.40uhttp://elibrary.worldbank.org/content/book/9780821369593